|
|
|
|
| LEADER |
00000nam a2200000Ia 4500 |
| 008 |
180223b2012 cr ||||| |||| 00| | spa d |
| 999 |
|
|
|c 1533
|d 1533
|
| 090 |
|
|
|a 06.02.01
|b 2011 (2012)
|
| 100 |
1 |
|
|a Piedra Barrera, Melania
|9 924
|
| 245 |
1 |
0 |
|a Plan de los 200 días lectivos del Ministerio de Educación Pública de Costa Rica: enfoque de aprendizaje por proyectos /
|c Melania Piedra Barrera; Luisa Villanueva Salazar, compiladoras
|
| 260 |
|
|
|a San José, Costa Rica :
|b INIE. MEP. Instituto de Desarrollo Profesional Uladislao Gámez Solano,
|c 2012
|
| 300 |
|
|
|a 47 páginas
|
| 650 |
1 |
4 |
|a CAPACITACIÓN
|9 729
|
| 650 |
1 |
4 |
|a DOCENTES
|9 331
|
| 700 |
1 |
|
|a Villanueva Salazar, Luisa
|9 3324
|
| 942 |
|
|
|i 001318
|h 06.02.01 2011 (2012)
|2 z
|c 04
|